00743nam a2200217Ia 4500003000400000005001700004008004100021020001800062040001800080041000800098082002100106100002300127245011300150250001200263260004700275300002600322650005900348650006100407650003800468700001900506OSt20260129092918.0210716s2013 xx 000 0 und d a9781118390047 cAIMIT LIBRARY aeng a332.64 21bWHIM aWhitman, Martin J. aModern security analysis : bunderstanding wall street fundamentals /cBy Martin J Whitman and Fernando Diz. a1st ed. aNew Jersey :bJohn Wiley and Sons ,c2013. axv,480p. ;bPBc24 cm aSubstantive consolidation and structural subordination 2Shareholder distributions from the company point of view 2Understanding resource conversion aDiz, Fernando.